[Event "SLO-chT1 East"]
[Site "Slovenia"]
[Date "2015.11.28"]
[Round "8"]
[White "Nikolic, Stanko"]
[Black "Navotnik, Roman"]
[Result "1-0"]
[WhiteElo "1883"]
[BlackElo "1522"]
[PlyCount "85"]
[EventDate "2015.10.16"]
[EventType "team-tourn"]
[EventRounds "9"]
[EventCountry "SLO"]
[SourceTitle "EXT 2019"]
[Source "ChessBase"]
[SourceDate "2018.10.10"]
[SourceVersion "1"]
[SourceVersionDate "2018.10.10"]
[SourceQuality "1"]
[WhiteTeam "Sentjur"]
[BlackTeam "Slovenj Gradec"]
[WhiteTeamCountry "SLO"]
[BlackTeamCountry "SLO"]

1. e4 e5 2. Nf3 Nc6 3. Bb5 a6 4. Ba4 Nf6 5. d3 Be7 6. Bxc6 bxc6 7. Nxe5 0-0 8. 0-0 Bd6 9. Nc4 Bc5 10. Bg5 Be7 11. e5 Nd5 12. Bxe7 Qxe7 13. Nc3 Nb6 14. Nxb6 cxb6 15. Re1 h6 16. d4 Qg5 17. Ne4 Qg6 18. Qd2 d5 19. exd6 Bf5 20. Qf4 Rad8 21. c3 Bxe4 22. Rxe4 Rxd6 23. Rae1 Kh7 24. h3 Rf6 25. Qe3 Qf5 26. b4 Rd8 27. Re5 Qg6 28. a4 Rdd6 29. Qe2 Rde6 30. Qxa6 Qc2 31. Qe2 Qxc3 32. Qe4+ g6 33. b5 c5 34. d5 Rd6 35. Re8 Qd2 36. Re2 Qxd5 37. Qe7 Qd1+ 38. Re1 Qd4 39. Qf8 Qxf2+ 40. Kh1 Qxe1+ 41. Rxe1 Rd2 42. Re8 Rf1+ 43. Kh2 1-0

[Event "Konjice op"]
[Site "Konjice"]
[Date "2009.04.04"]
[Round "8"]
[White "Markoja, Sebastijan"]
[Black "Navotnik, Roman"]
[Result "1-0"]
[WhiteElo "1846"]
[BlackElo "1556"]
[PlyCount "121"]
[EventDate "2009.03.26"]
[EventType "swiss"]
[EventRounds "9"]
[EventCountry "SLO"]
[SourceTitle "CBM 129 Extra"]
[Source "ChessBase"]
[SourceDate "2009.05.05"]
[SourceVersion "2"]
[SourceVersionDate "2009.05.20"]
[SourceQuality "1"]

1. e4 e5 2. Nf3 Nc6 3. Bb5 a6 4. Bxc6 dxc6 5. 0-0 Bd6 6. d4 Qe7 7. dxe5 Bxe5 8. Nxe5 Qxe5 9. Nc3 Nf6 10. f3 0-0 11. Be3 Be6 12. Qd4 Qh5 13. Rae1 h6 14. Bf4 c5 15. Qe5 Qxe5 16. Bxe5 Rac8 17. Bxf6 gxf6 18. Nd5 Kg7 19. b3 c6 20. Nb6 Rcd8 21. Na4 c4 22. Nc5 cxb3 23. axb3 Bc8 24. Kf2 Rfe8 25. g4 Kg6 26. Nd3 Kg7 27. Nf4 Be6 28. Nh5+ Kf8 29. Nxf6 Rd1 30. Rxd1 Rc8 31. e5 Ra8 32. f4 a5 33. f5 Bd5 34. c4 a4 35. cxd5 a3 36. d6 a2 37. d7 Ke7 38. Ra1 Ra5 39. h4 b5 40. Ke3 c5 41. g5 hxg5 42. hxg5 Ra3 43. Ke4 c4 44. bxc4 b4 45. Nd5+ Kxd7 46. Nxb4 Ra4 47. Nxa2 Rxc4+ 48. Kf3 Ke7 49. Rfb1 Rc2 50. Rb7+ Ke8 51. Nb4 Rc3+ 52. Ke4 Rc4+ 53. Kd5 Rg4 54. Kd6 Rd4+ 55. Nd5 f6 56. Ke6 Kf8 57. Kxf6 Ke8 58. e6 Rxd5 59. Rb8+ Rd8 60. Rxd8+ Kxd8 61. Kf7 1-0

[Event "Konjice op"]
[Site "Konjice"]
[Date "2009.03.28"]
[Round "4"]
[White "Carli, Lara"]
[Black "Navotnik, Roman"]
[Result "1/2-1/2"]
[WhiteElo "1521"]
[BlackElo "1556"]
[PlyCount "40"]
[EventDate "2009.03.26"]
[EventType "swiss"]
[EventRounds "9"]
[EventCountry "SLO"]
[SourceTitle "CBM 129 Extra"]
[Source "ChessBase"]
[SourceDate "2009.05.05"]
[SourceVersion "2"]
[SourceVersionDate "2009.05.20"]
[SourceQuality "1"]

1. d4 Nf6 2. Nf3 g6 3. c4 Bg7 4. Nc3 d6 5. Bf4 0-0 6. e4 Nh5 7. Be3 Bd7 8. Be2 Nf6 9. 0-0 e5 10. Qc2 Ne8 11. Rad1 Qe7 12. b4 c6 13. a4 a6 14. c5 dxc5 15. dxc5 f5 16. Bg5 Nf6 17. Rd2 h6 18. Bxf6 Qxf6 19. Bc4+ Kh8 20. Rfd1 f4 1/2-1/2

[Event "Konjice op"]
[Site "Konjice"]
[Date "2009.03.27"]
[Round "2"]
[White "Cojhter, Karl"]
[Black "Navotnik, Roman"]
[Result "1/2-1/2"]
[WhiteElo "2098"]
[BlackElo "1556"]
[PlyCount "66"]
[EventDate "2009.03.26"]
[EventType "swiss"]
[EventRounds "9"]
[EventCountry "SLO"]
[SourceTitle "CBM 129 Extra"]
[Source "ChessBase"]
[SourceDate "2009.05.05"]
[SourceVersion "2"]
[SourceVersionDate "2009.05.20"]
[SourceQuality "1"]

1. e4 e5 2. Nf3 Nc6 3. Nc3 Nf6 4. a3 Be7 5. d4 d6 6. Bb5 Bd7 7. 0-0 0-0 8. h3 a6 9. Bxc6 Bxc6 10. Re1 exd4 11. Nxd4 Bd7 12. Qf3 Kh8 13. Nf5 Bxf5 14. Qxf5 c6 15. Be3 Qc8 16. Qf3 Qe6 17. Rad1 Rfe8 18. Bf4 Ng8 19. Qg3 Rad8 20. Re3 Rd7 21. Red3 Red8 22. Be3 Nf6 23. Bb6 Re8 24. f3 Nh5 25. Qg4 Qxg4 26. hxg4 Nf4 27. R3d2 Ng6 28. Ne2 Ne5 29. b3 Kg8 30. c4 h6 31. Ng3 g6 32. Be3 Kh7 33. c5 Red8 1/2-1/2